| 000 | 00541nam a22001697a 4500 | ||
|---|---|---|---|
| 005 | 20250407124928.0 | ||
| 008 | 250407b |||||||| |||| 00| 0 eng d | ||
| 020 | _a9783111425672 | ||
| 041 | _aeng | ||
| 082 | _a006.310 GIL | ||
| 100 | _aGillain, Emmanuel | ||
| 245 | _aDemystifying Artificial Intelligence: Symbolic Data-Driven Statistical and Ethical AI | ||
| 260 |
_aUK _bDe Gruyter _c2024 |
||
| 300 | _a459;. pages: 24 cm | ||
| 650 | _aDeep learning (Machine learning); Neural networks (Computer science); Mathematics | ||
| 942 | _cBK | ||
| 999 |
_c43605 _d43605 |
||